Sendi iman : mutiara ilmu kalam (membicarakan `aqidah Islam)

Bibliographic Details
Main Authors: جزائري, طاهر بن صالح (Author), Sulaiman, Nukman (Author)
Format: Book
Published: Medan : Islamiyyah , 1977
Subjects:

MARC

LEADER 00000cam a2200000 7i4500
001 0000005994
005 20040421093000.0
008 021119s1977
090 0 0 |a BP166   |b .J3 
100 0 |a جزائري, طاهر بن صالح ,   |e author 
245 1 0 |a Sendi iman :   |b mutiara ilmu kalam (membicarakan `aqidah Islam)   |c Syeikh Thahir bin Shalih Al-Jaza`iry   |f alihbahasa Nukman Sulaiman 
260 2 |a Medan :   |b Islamiyyah ,   |c 1977 
300 |a 48 p. ;   |c 21 cm. 
650 0 |a Islam   |x Doctrines 
700 1 |a Sulaiman, Nukman ,   |e author 
999 |a 1000004055   |b Book   |c OPEN SHELF (30 DAYS)   |e Gong Badak Campus 
999 |a 1000004058   |b Book   |c OPEN SHELF (30 DAYS)   |e Gong Badak Campus